000 00593cam a22002171 4500
001 ne 65001434
003 DLC
005 20260227111815.0
008 890613s1964 xx a 000 0 ara
010 _ane 65001434
035 _a(OCoLC)23516060
040 _aDLC
_cMiU
_dDLC
050 0 0 _aTC558.E5
_bA83452
110 2 _aHayʼah al-ʻĀmmah li-Bināʼ al-Sadd al-ʻĀlī.
240 0 0 _aAswan High Dam.
_lArabic.
245 1 3 _aal-Sadd al-ʻĀlī.
260 _c[1964]
300 _aunpaged.
_billus. (part col.)
_c22 x 23 cm.
500 _aRomanized.
651 0 _aAswan High Dam (Egypt)
999 _c48261
_d48261